Country Demonyms - Sudden Death - Statistics

General Stats
  • This quiz has been taken 84 times
  • The average score is 2 of 15
Answers on the Grid
Answers color-coded by a green-red scale on the quiz's grid according to % correct below.
Afghani
Azerbaijani
Bahrainian
Bengali
Bissau-Guinean
Burkinabe
Danish
East Timorese
Finnish
Ghanaian
Israelite
Ivorian
Jordani
Liechtensteiner
Luxembourger
Marshall Islander
Montenegrin
Mosotho
Motswana
Nigerien
Panamian
Republic Dominican
Sammarinese
Solomon Islander
Spaniard
Swatini
Swedish
Swiss
Thailander
Zealander
 
Answer Stats
Answer % Correct
Azerbaijani
74%
Bissau-Guinean
29%
Burkinabe
15%
Ghanaian
15%
Swiss
15%
Luxembourger
12%
Liechtensteiner
9%
Montenegrin
9%
Nigerien
9%
Spaniard
6%
Ivorian
3%
Sammarinese
3%
Mosotho
0%
Motswana
0%
Solomon Islander
0%
No matching quizzes found
Score Distribution
Percent of People with Each Score
Percentile by Number Answered
Your Score History
You have not taken this quiz